[Event "ENCI Limburg-open B"]
[Site "Maastricht"]
[Date "2011.06.13"]
[Round "7"]
[White "Olmos Sanz, Francisco J"]
[Black "Bieberle, Gerhart"]
[Result "0-1"]
[WhiteElo "1761"]
[BlackElo "1900"]
[PlyCount "64"]
[EventDate "2011.06.10"]
[EventType "swiss"]
[EventRounds "7"]
[EventCountry "NED"]
[Source "P.Boonen"]
[SourceDate "2012.01.01"]

1. c4 c5 2. Nf3 g6 3. Nc3 Nc6 4. g3 Bg7 5. Bg2 d6 6. O-O e5 7. d3 Nge7 8. Bd2
O-O 9. Rb1 f5 10. a3 Rb8 11. Qc1 Nd4 12. b4 b6 13. Bh6 Nxf3+ 14. Bxf3 f4 15.
Bxg7 Kxg7 16. Bg2 h5 17. Ne4 Bg4 18. f3 Be6 19. e3 fxg3 20. hxg3 Rc8 21. Qd2 d5
22. Ng5 Bg8 23. Qb2 d4 24. f4 Nf5 25. Bh3 Rc7 26. Bxf5 gxf5 27. e4 exf4 28.
gxf4 fxe4 29. Qg2 Kh8 30. Qxe4 Rg7 31. Kh2 Qd6 32. Rbe1 Rxg5 0-1

[Event "ENCI Limburg-open B"]
[Site "Maastricht"]
[Date "2011.06.13"]
[Round "7"]
[White "Peter, Laurenz"]
[Black "Sluiter, Jan"]
[Result "1/2-1/2"]
[WhiteElo "1844"]
[BlackElo "1859"]
[PlyCount "69"]
[EventDate "2011.06.10"]
[EventType "swiss"]
[EventRounds "7"]
[EventCountry "NED"]
[Source "P.Boonen"]
[SourceDate "2012.01.01"]

1. d4 Nf6 2. c4 g6 3. Nc3 Bg7 4. e4 d6 5. f4 O-O 6. Nf3 c5 7. d5 Bg4 8. Be2
Nbd7 9. O-O a6 10. Be3 Qc7 11. Ng5 Bxe2 12. Qxe2 h6 13. Nf3 e6 14. Qd2 exd5 15.
exd5 Ng4 16. Rae1 Rae8 17. h3 Nxe3 18. Rxe3 Rxe3 19. Qxe3 Nf6 20. Re1 Re8 21.
Qf2 Qd7 22. Kf1 Re7 23. Nh4 Qe8 24. Rxe7 Qxe7 25. Qe2 Kf8 26. g4 Ne8 27. Qxe7+
Kxe7 28. Nd1 b5 29. b3 Nf6 30. Nf2 Nd7 31. Ke2 Nb6 32. Kd3 b4 33. f5 g5 34. Nf3
Nd7 35. Ke3 1/2-1/2

[Event "ENCI Limburg-open B"]
[Site "Maastricht"]
[Date "2011.06.13"]
[Round "7"]
[White "Sanen, Erwin"]
[Black "Orbons, Richard"]
[Result "1/2-1/2"]
[WhiteElo "1867"]
[BlackElo "1723"]
[PlyCount "67"]
[EventDate "2011.06.10"]
[EventType "swiss"]
[EventRounds "7"]
[EventCountry "NED"]
[Source "P.Boonen"]
[SourceDate "2012.01.01"]

1. d4 Nf6 2. c4 g6 3. Nc3 Bg7 4. Nf3 d6 5. g3 O-O 6. Bg2 Nc6 7. d5 Na5 8. Qd3
c5 9. O-O a6 10. e4 b5 11. cxb5 axb5 12. Nxb5 Ba6 13. a4 c4 14. Qe3 Nb3 15. Ra3
Nxc1 16. Rxc1 Nxe4 17. Rxc4 Nc5 18. Nfd4 Bxb5 19. axb5 Bxd4 20. Rxd4 Qb6 21.
Qh6 Nd7 22. Rh4 Nf6 23. Bf1 Qc5 24. Rf3 Rfe8 25. Rxf6 exf6 26. Qxh7+ Kf8 27.
Qh8+ Ke7 28. Re4+ Kd7 29. Rxe8 Rxe8 30. Qxf6 Qxd5 31. Bh3+ Kc7 32. Qc3+ Qc5 33.
Qa5+ Qb6 34. Qc3+ 1/2-1/2

[Event "ENCI Limburg-open B"]
[Site "Maastricht"]
[Date "2011.06.13"]
[Round "7"]
[White "Schloemer, Armin"]
[Black "Erin, Igor"]
[Result "0-1"]
[WhiteElo "1717"]
[BlackElo "1715"]
[PlyCount "102"]
[EventDate "2011.06.10"]
[EventType "swiss"]
[EventRounds "7"]
[EventCountry "NED"]
[Source "P.Boonen"]
[SourceDate "2012.01.01"]

1. e4 e6 2. b3 d5 3. Bb2 dxe4 4. Nc3 Nf6 5. Qe2 Bb4 6. O-O-O Bxc3 7. dxc3 Qe7
8. c4 O-O 9. g4 Bd7 10. h4 Bc6 11. Bg2 Nbd7 12. g5 Ne8 13. Bxe4 Bxe4 14. Qxe4
Nd6 15. Qd4 e5 16. Qg4 f5 17. gxf6 Nxf6 18. Qg2 Rf7 19. Nf3 e4 20. Ng5 Rff8 21.
Rhe1 h6 22. c5 hxg5 23. cxd6 cxd6 24. hxg5 Nh7 25. Rxe4 Qxg5+ 26. Qxg5 Nxg5 27.
Rg4 Ne6 28. Rxd6 Rfe8 29. Rd7 g5 30. Rxb7 Red8 31. Rg1 Rd5 32. Rh1 Nd4 33. Bxd4
Rxd4 34. Rhh7 g4 35. Rbg7+ Kf8 36. Rxg4 Rxg4 37. Rh8+ Rg8 38. Rxg8+ Kxg8 39. c4
Rf8 40. Kb2 Rxf2+ 41. Ka3 Kf7 42. b4 Ke6 43. Kb3 Ke5 44. b5 Kd4 45. a4 Rf3+ 46.
Kb4 Rc3 47. a5 Rxc4+ 48. Kb3 Kc5 49. b6 axb6 50. a6 Rb4+ 51. Ka3 Rb5 0-1

[Event "ENCI Limburg-open B"]
[Site "Maastricht"]
[Date "2011.06.13"]
[Round "7"]
[White "Senders, Justin"]
[Black "Frijns, Raoul"]
[Result "1/2-1/2"]
[WhiteElo "1868"]
[BlackElo "1809"]
[PlyCount "31"]
[EventDate "2011.06.10"]
[EventType "swiss"]
[EventRounds "7"]
[EventCountry "NED"]
[Source "P.Boonen"]
[SourceDate "2012.01.01"]

1. e4 c5 2. Nf3 Nc6 3. d4 cxd4 4. Nxd4 Nf6 5. Nc3 e5 6. Ndb5 d6 7. Bg5 a6 8.
Na3 b5 9. Nd5 Be7 10. Bxf6 Bxf6 11. c4 b4 12. Nc2 a5 13. Nce3 O-O 14. Be2 Nd4
15. O-O Bb7 16. Rc1 1/2-1/2

[Event "ENCI Limburg-open B"]
[Site "Maastricht"]
[Date "2011.06.13"]
[Round "7"]
[White "Singh, Marcel"]
[Black "Blijlevens, Pim"]
[Result "1/2-1/2"]
[WhiteElo "1904"]
[BlackElo "1920"]
[PlyCount "39"]
[EventDate "2011.06.10"]
[EventType "swiss"]
[EventRounds "7"]
[EventCountry "NED"]
[Source "P.Boonen"]
[SourceDate "2012.01.01"]

1. e4 g6 2. d4 f6 3. Nc3 Nh6 4. Bf4 Nf7 5. Nf3 Bg7 6. Bc4 e6 7. Qd2 c6 8. h4 d5
9. Bd3 O-O 10. O-O b6 11. Rfe1 Bb7 12. exd5 exd5 13. Re2 Re8 14. Rae1 Rxe2 15.
Qxe2 Nd7 16. Qe6 Nf8 17. Qe7 Qxe7 18. Rxe7 Bc8 19. Re1 Bg4 20. Nh2 1/2-1/2

[Event "ENCI Limburg-open B"]
[Site "Maastricht"]
[Date "2011.06.13"]
[Round "7"]
[White "Sofic, Narcis"]
[Black "Leentjens, Gilbert"]
[Result "1-0"]
[WhiteElo "1906"]
[BlackElo "1848"]
[PlyCount "57"]
[EventDate "2011.06.10"]
[EventType "swiss"]
[EventRounds "7"]
[EventCountry "NED"]
[Source "P.Boonen"]
[SourceDate "2012.01.01"]

1. Nf3 Nf6 2. g3 g6 3. Bg2 Bg7 4. O-O O-O 5. d4 d5 6. c3 c6 7. Nbd2 h6 8. Re1
Ne4 9. Nxe4 dxe4 10. Ne5 Qd6 11. Bxe4 Bxe5 12. dxe5 Qxe5 13. Qc2 Kh7 14. Bf4
Qg7 15. a4 e5 16. Be3 f5 17. Bg2 Na6 18. f4 e4 19. Bd4 Qe7 20. b4 c5 21. bxc5
Nxc5 22. Reb1 Be6 23. e3 Bc4 24. Bxc5 Qxc5 25. Rxb7+ Kh8 26. Kf2 Rfd8 27. Rd1
Bd3 28. Qb2 Rac8 29. c4+ 1-0

[Event "ENCI Limburg-open B"]
[Site "Maastricht"]
[Date "2011.06.13"]
[Round "7"]
[White "Staudte, Rainer"]
[Black "Vandecan, Michel"]
[Result "1/2-1/2"]
[WhiteElo "1955"]
[BlackElo "1865"]
[PlyCount "149"]
[EventDate "2011.06.10"]
[EventType "swiss"]
[EventRounds "7"]
[EventCountry "NED"]
[Source "P.Boonen"]
[SourceDate "2012.01.01"]

1. d4 Nf6 2. c4 e6 3. Nf3 b6 4. g3 Ba6 5. b3 Bb4+ 6. Bd2 Bxd2+ 7. Nbxd2 d6 8.
Bg2 Bb7 9. O-O Nbd7 10. Qc2 O-O 11. Rad1 Qe7 12. e3 c5 13. Ne1 Bxg2 14. Kxg2
Rac8 15. Qb2 h6 16. Nd3 Nh7 17. dxc5 bxc5 18. f4 f5 19. e4 fxe4 20. Nxe4 d5 21.
cxd5 exd5 22. Nef2 Nhf6 23. Rfe1 Ne4 24. Nxe4 dxe4 25. Ne5 Nxe5 26. Qxe5 Qxe5
27. fxe5 c4 28. b4 Rf3 29. Rxe4 Ra3 30. Re2 c3 31. Rc1 Kf7 32. e6+ Ke7 33. Rcc2
Rb8 34. Re4 Rd8 35. Kf2 Rd2+ 36. Re2 Rd4 37. Ke3 Rxb4 38. Kd3 Rb2 39. Rxb2
cxb2+ 40. Kc2 Rxa2 41. Kb1 Ra6 42. Kxb2 Rxe6 43. Rc2 Kf6 44. Rf2+ Kg6 45. Kc3
Rd6 46. Rf4 a6 47. Ra4 h5 48. h4 Kf6 49. Ra5 g6 50. Kc4 Re6 51. Kd4 Ke7 52. Rg5
Rb6 53. Kc4 Kf6 54. Ra5 Rc6+ 55. Kd4 Ke6 56. Rg5 Kd7 57. g4 hxg4 58. Rxg4 Kc7
59. Rg5 Kb6 60. h5 gxh5 61. Rxh5 a5 62. Rh8 Kb5 63. Rb8+ Ka4 64. Kd3 Ka3 65.
Rb5 a4 66. Kd2 Ka2 67. Rb4 a3 68. Rb8 Rc4 69. Rb7 Rh4 70. Kc2 Rh2+ 71. Kc1 Rb2
72. Rh7 Rb1+ 73. Kc2 Ka1 74. Ra7 a2 75. Rh7 1/2-1/2

[Event "ENCI Limburg-open B"]
[Site "Maastricht"]
[Date "2011.06.13"]
[Round "7"]
[White "Timmermans, Stefan"]
[Black "Roelofs, Iris"]
[Result "0-1"]
[WhiteElo "1845"]
[BlackElo "1762"]
[PlyCount "60"]
[EventDate "2011.06.10"]
[EventType "swiss"]
[EventRounds "7"]
[EventCountry "NED"]
[Source "P.Boonen"]
[SourceDate "2012.01.01"]

1. d4 d5 2. c4 c6 3. Nc3 Nf6 4. Nf3 Bf5 5. cxd5 cxd5 6. Qb3 Bc8 7. Bf4 a6 8. e3
Nc6 9. Ne5 e6 10. Be2 Be7 11. O-O O-O 12. Rac1 Nd7 13. Nxc6 bxc6 14. Na4 e5 15.
dxe5 Rb8 16. Qc2 Nb6 17. e6 Bd6 18. exf7+ Rxf7 19. Bxd6 Qxd6 20. Qc5 Qc7 21.
Nxb6 Rxb6 22. Bf3 Be6 23. e4 Rxf3 24. gxf3 Bh3 25. Qxd5+ cxd5 26. Rxc7 Rg6+ 27.
Kh1 Bxf1 28. h4 Bg2+ 29. Kh2 Bxf3 30. exd5 Bxd5 0-1

[Event "ENCI Limburg-open B"]
[Site "Maastricht"]
[Date "2011.06.13"]
[Round "7"]
[White "Tuerlinckx, Ben"]
[Black "Loose, Rob"]
[Result "1/2-1/2"]
[WhiteElo "1942"]
[BlackElo "1981"]
[PlyCount "50"]
[EventDate "2011.06.10"]
[EventType "swiss"]
[EventRounds "7"]
[EventCountry "NED"]
[Source "P.Boonen"]
[SourceDate "2012.01.01"]

1. e4 e5 2. Nf3 Nc6 3. d4 exd4 4. Bc4 Nf6 5. e5 d5 6. Bb5 Ne4 7. Nxd4 Bc5 8.
O-O Bxd4 9. Qxd4 O-O 10. Bxc6 bxc6 11. f3 Ng5 12. f4 Ne4 13. Nc3 c5 14. Qd3
Nxc3 15. Qxc3 Bf5 16. Qxc5 Be4 17. Be3 Qd7 18. Rf2 h5 19. Raf1 Rfe8 20. Bd4 g6
21. b3 a5 22. a4 Qe7 23. Qc3 c5 24. Qxc5 Qxc5 25. Bxc5 Rec8 1/2-1/2

[Event "ENCI Limburg-open B"]
[Site "Maastricht"]
[Date "2011.06.13"]
[Round "7"]
[White "Van Trijp, Robin"]
[Black "Lecomte, Robin"]
[Result "0-1"]
[WhiteElo "1818"]
[BlackElo "1791"]
[PlyCount "112"]
[EventDate "2011.06.10"]
[EventType "swiss"]
[EventRounds "7"]
[EventCountry "NED"]
[Source "P.Boonen"]
[SourceDate "2012.01.01"]

1. c4 Nf6 2. Nc3 g6 3. g3 Bg7 4. Bg2 O-O 5. d3 c6 6. e4 d6 7. Nge2 Ne8 8. Be3
f5 9. f4 Nf6 10. h3 Qa5 11. O-O fxe4 12. dxe4 Qh5 13. f5 gxf5 14. exf5 Bxf5 15.
g4 Bxg4 16. hxg4 Nxg4 17. Rxf8+ Kxf8 18. Bf4 Qc5+ 19. Nd4 Qxd4+ 20. Qxd4 Bxd4+
21. Kf1 Ne3+ 22. Bxe3 Bxe3 23. Ke2 Bd4 24. Na4 Bb6 25. Rf1+ Ke8 26. Nc3 Nd7 27.
Ne4 Nc5 28. Rh1 Nxe4 29. Bxe4 Bd4 30. b4 Kd7 31. Bf5+ Kc7 32. Rxh7 Bf6 33. Kd3
Rh8 34. Rxh8 Bxh8 35. Be6 Be5 36. a4 Bg3 37. Kc3 Be1+ 38. Kb3 Kd8 39. b5 Kc7
40. Ka3 Kb6 41. Kb3 a6 42. Bc8 e5 43. Kc2 axb5 44. axb5 cxb5 45. cxb5 d5 46.
Kd3 Kc7 47. Be6 Kd6 48. Bc8 b6 49. Bf5 e4+ 50. Kd4 Bf2+ 51. Kc3 Ke5 52. Bg6 Bc5
53. Bh5 d4+ 54. Kc2 d3+ 55. Kc3 Bd4+ 56. Kc4 Ba1 0-1

[Event "ENCI Limburg-open B"]
[Site "Maastricht"]
[Date "2011.06.13"]
[Round "7"]
[White "Van der Scheur, Dirk"]
[Black "Pijlman, Rene"]
[Result "0-1"]
[WhiteElo "1895"]
[BlackElo "1929"]
[PlyCount "64"]
[EventDate "2011.06.10"]
[EventType "swiss"]
[EventRounds "7"]
[EventCountry "NED"]
[Source "P.Boonen"]
[SourceDate "2012.01.01"]

1. d4 Nf6 2. c4 e6 3. Nf3 Bb4+ 4. Bd2 Qe7 5. g3 Nc6 6. Bg2 Bxd2+ 7. Qxd2 Ne4 8.
Qc2 Qb4+ 9. Kf1 f5 10. a3 Qe7 11. h4 O-O 12. e3 Nd8 13. Nc3 Nxc3 14. Qxc3 d6
15. Kg1 Nf7 16. Kh2 Bd7 17. Nd2 Nh6 18. Bxb7 Rab8 19. Bg2 e5 20. dxe5 dxe5 21.
f4 Ng4+ 22. Kg1 exf4 23. Bd5+ Be6 24. Bxe6+ Qxe6 25. gxf4 Rfe8 26. Rh3 Rbd8 27.
Re1 Qd6 28. Nf3 c5 29. b4 cxb4 30. axb4 Qa6 31. Qb3 Kh8 32. Nd4 Rxd4 0-1

[Event "ENCI Limburg-open B"]
[Site "Maastricht"]
[Date "2011.06.13"]
[Round "7"]
[White "Vaneylen, Urbain"]
[Black "Arns, Danny"]
[Result "1/2-1/2"]
[WhiteElo "1720"]
[BlackElo "1706"]
[PlyCount "82"]
[EventDate "2011.06.10"]
[EventType "swiss"]
[EventRounds "7"]
[EventCountry "NED"]
[Source "P.Boonen"]
[SourceDate "2012.01.01"]

1. f4 e6 2. Nf3 d5 3. e3 Nf6 4. b3 Nc6 5. Bb2 b6 6. Bb5 Bd7 7. O-O Bd6 8. Nc3
a6 9. Bxc6 Bxc6 10. Ne2 Qd7 11. Rc1 Bb7 12. Qe1 O-O-O 13. c4 dxc4 14. Rxc4 Bd5
15. Rc1 Kb7 16. d3 Bc5 17. d4 Bd6 18. Nc3 Bb4 19. Qd1 Ne4 20. Nxd5 exd5 21. Ne5
Qe7 22. Nc6 Qf8 23. Nxd8+ Qxd8 24. Rc2 Qe7 25. Qd3 f5 26. Rfc1 Bd6 27. a3 Re8
28. b4 Nf6 29. g3 Qxe3+ 30. Qxe3 Rxe3 31. Rc3 Re6 32. R3c2 h5 33. Bc3 Ne4 34.
Kg2 Be7 35. a4 Bd6 36. b5 a5 37. Be1 Rg6 38. Kf3 Rg4 39. h3 Rg6 40. Rg2 Nf6 41.
Bf2 Ne4 1/2-1/2

[Event "ENCI Limburg-open B"]
[Site "Maastricht"]
[Date "2011.06.13"]
[Round "7"]
[White "Visser, Sebastiaan"]
[Black "Kranenburg, Sebastiaan"]
[Result "0-1"]
[WhiteElo "1904"]
[BlackElo "1618"]
[PlyCount "104"]
[EventDate "2011.06.10"]
[EventType "swiss"]
[EventRounds "7"]
[EventCountry "NED"]
[Source "P.Boonen"]
[SourceDate "2012.01.01"]

1. d4 f5 2. Nf3 Nf6 3. c4 g6 4. Nc3 Bg7 5. Bg5 d6 6. e3 O-O 7. Be2 Nbd7 8. Qc2
c6 9. e4 Nxe4 10. Nxe4 fxe4 11. Qxe4 Nf6 12. Qe3 Qa5+ 13. Qd2 Qc7 14. Bh6 Ne4
15. Qe3 Qa5+ 16. Nd2 Bxh6 17. Qxh6 Qxd2+ 18. Qxd2 Nxd2 19. Kxd2 Rxf2 20. Rhg1
Bg4 21. Rae1 e5 22. dxe5 Re8 23. h3 Bxe2 24. Rxe2 Rxe2+ 25. Kxe2 Rxe5+ 26. Kd3
d5 27. cxd5 Rxd5+ 28. Kc3 Kf7 29. Rf1+ Rf5 30. Rd1 Ke7 31. Rd2 Rf6 32. Re2+ Re6
33. Rf2 Kd7 34. Kc4 Re7 35. Kd3 a5 36. g3 Kc7 37. Rf3 b5 38. g4 Kd6 39. Rf6+
Kd5 40. h4 Re6 41. Rf7 h6 42. a3 Re4 43. Rd7+ Ke6 44. Kxe4 Kxd7 45. Ke5 Ke7 46.
b3 a4 47. bxa4 bxa4 48. Kd4 Kd6 49. Kc4 c5 50. Kb5 Kd5 51. Kxa4 Kc4 52. Ka5 Kb3
0-1

[Event "ENCI Limburg-open B"]
[Site "Maastricht"]
[Date "2011.06.13"]
[Round "7"]
[White "Willen, Ronny"]
[Black "Goes, Dirk"]
[Result "1/2-1/2"]
[WhiteElo "1851"]
[BlackElo "1956"]
[PlyCount "33"]
[EventDate "2011.06.10"]
[EventType "swiss"]
[EventRounds "7"]
[EventCountry "NED"]
[Source "P.Boonen"]
[SourceDate "2012.01.01"]

1. d4 e6 2. c4 b6 3. Nf3 Bb7 4. g3 f5 5. Bg2 Nf6 6. O-O g6 7. Nc3 Bg7 8. b3 O-O
9. Bb2 Qe7 10. Qc2 d6 11. e3 Nbd7 12. Rfe1 a6 13. a3 c5 14. Rad1 Rad8 15. b4
Ne4 16. Nxe4 Bxe4 17. Qc1 1/2-1/2